[Event "Muensterland Regionalliga playoff 1-4"]
[Site "Germany"]
[Date "2023.03.18"]
[Round "1.8"]
[White "Schroeder, Alexander"]
[Black "Wittek, Felix"]
[Result "1/2-1/2"]
[WhiteElo "1592"]
[BlackElo "1659"]
[PlyCount "76"]
[EventDate "2022.03.18"]
[EventType "team-k.o."]
[EventRounds "2"]
[EventCountry "GER"]
[SourceTitle "EXT 2024"]
[Source "ChessBase"]
[SourceDate "2023.10.10"]
[SourceVersion "1"]
[SourceVersionDate "2023.10.10"]
[SourceQuality "1"]
[WhiteTeam "Saerbeck"]
[BlackTeam "Suedlohn"]
[WhiteTeamCountry "GER"]
[BlackTeamCountry "GER"]

1. e4 c5 2. d4 cxd4 3. c3 Nf6 4. e5 Nd5 5. cxd4 Nc6 6. Bc4 Nb6 7. Bb3 d6 8. e6 fxe6 9. Nf3 Nd5 10. 0-0 g6 11. Re1 Bg7 12. Nc3 Nxc3 13. bxc3 Qa5 14. Bg5 0-0 15. d5 Ne5 16. Nxe5 Bxe5 17. Bxe7 Re8 18. Rxe5 dxe5 19. d6 Qc5 20. d7 Qxe7 21. dxe8Q+ Qxe8 22. Qe2 Qc6 23. Qxe5 Bd7 24. Rd1 Re8 25. Qd4 Bc8 26. Qxa7 Qxc3 27. Qa4 Kf7 28. Qf4+ Qf6 29. Qe4 Rd8 30. Rxd8 Qxd8 31. Qf4+ Kg7 32. Qe5+ Kf7 33. h3 b6 34. Qf4+ Kg7 35. Qe3 Qc7 36. Bxe6 Bxe6 37. Qxe6 Qc1+ 38. Kh2 Qf4+ 1/2-1/2

[Event "Gelsenkirchen Koenigsspringer op"]
[Site "Gelsenkirchen"]
[Date "2019.12.30"]
[Round "7"]
[White "Wittek, Felix"]
[Black "Schleck, Victor"]
[Result "0-1"]
[WhiteElo "1348"]
[BlackElo "1619"]
[PlyCount "156"]
[EventDate "2019.12.27"]
[EventType "swiss"]
[EventRounds "7"]
[EventCountry "GER"]
[SourceTitle "CBM 194 Extra"]
[Source "ChessBase"]
[SourceDate "2020.03.31"]
[SourceVersion "1"]
[SourceVersionDate "2020.03.31"]
[SourceQuality "1"]

1. d4 d5 2. Nf3 c6 3. c4 Nf6 4. e3 e6 5. b3 b6 6. Bb2 Bb7 7. Nc3 Bd6 8. Bd3 Nbd7 9. 0-0 0-0 10. Rc1 Rc8 11. Re1 Re8 12. e4 dxe4 13. Nxe4 Nxe4 14. Bxe4 Nf6 15. Bd3 c5 16. dxc5 Bxc5 17. Ne5 Bf8 18. Re3 g6 19. Rh3 Bg7 20. Rc2 Qe7 21. Ng4 Nxg4 22. Qxg4 Bxb2 23. Rxb2 Qf6 24. Rb1 Red8 25. Rf1 Rd4 26. Qg3 e5 27. Re1 e4 28. Bb1 Rcd8 29. Qe3 Rd1 30. Bxe4 Rxe1+ 31. Qxe1 Bxe4 32. Re3 Bc6 33. h3 Qg5 34. Rg3 Qd2 35. Qe7 Re8 36. Qc7 Qd7 37. Qf4 Re1+ 38. Kh2 Qd1 39. Re3 Rxe3 40. Qxe3 Qd6+ 41. Kg1 Qe6 42. Qf4 Qd7 43. Qb8+ Kg7 44. Qe5+ f6 45. Qf4 Qe7 46. Qd2 Qe4 47. f3 Qe7 48. b4 a6 49. a3 Qe5 50. Qd8 Qe3+ 51. Kh2 Be8 52. Qc8 Qe5+ 53. Kg1 a5 54. Qb7+ Kh6 55. Qxb6 axb4 56. axb4 Qe1+ 57. Kh2 Ba4 58. Qxf6 Qxb4 59. Qh4+ Kg7 60. Qd4+ Kf7 61. Qd5+ Ke7 62. Qe5+ Kd7 63. Qg7+ Qe7 64. Qd4+ Qd6+ 65. Qxd6+ Kxd6 66. Kg3 Ke5 67. Kg4 h6 68. h4 Bd7+ 69. Kg3 Be6 70. f4+ Ke4 71. h5 gxh5 72. Kh4 Bg4 73. c5 Kxf4 74. c6 Kf5 75. c7 Kg6 76. g3 Bc8 77. g4 hxg4 78. Kg3 Kg5 0-1

[Event "Gelsenkirchen Silvester op 6th"]
[Site "Gelsenkirchen"]
[Date "2018.12.29"]
[Round "6"]
[White "Aufermann, Kevin"]
[Black "Wittek, Felix"]
[Result "1-0"]
[WhiteElo "1234"]
[BlackElo "1332"]
[PlyCount "30"]
[EventDate "2018.12.27"]
[EventType "swiss"]
[EventRounds "7"]
[EventCountry "GER"]
[SourceTitle "CBM 188 Extra"]
[Source "ChessBase"]
[SourceDate "2019.02.28"]
[SourceVersion "1"]
[SourceVersionDate "2019.02.28"]
[SourceQuality "1"]

1. e4 c5 2. Nf3 Nc6 3. Bc4 e6 4. Nc3 Nge7 5. d4 d5 6. exd5 exd5 7. Bb5 Bg4 8. h3 Bh5 9. dxc5 d4 10. Qxd4 Bxf3 11. Qxd8+ Rxd8 12. gxf3 Nd5 13. Nxd5 Rxd5 14. Bxc6+ bxc6 15. Be3 Bxc5 1-0

[Event "Gelsenkirchen Silvester op 5th"]
[Site "Gelsenkirchen"]
[Date "2017.12.27"]
[Round "1"]
[White "Ponto, Michael"]
[Black "Wittek, Felix"]
[Result "1-0"]
[WhiteElo "1679"]
[BlackElo "1361"]
[PlyCount "54"]
[EventDate "2017.12.27"]
[EventType "swiss"]
[EventRounds "5"]
[EventCountry "GER"]
[SourceTitle "CBM 182 Extra"]
[Source "ChessBase"]
[SourceDate "2018.02.23"]
[SourceVersion "1"]
[SourceVersionDate "2018.02.23"]
[SourceQuality "1"]

1. c4 g6 2. Nc3 Bg7 3. Nf3 Nf6 4. e4 d6 5. d4 0-0 6. Be2 Re8 7. 0-0 c5 8. dxc5 dxc5 9. Be3 b6 10. Qc2 e5 11. Rad1 Qe7 12. Bg5 Bb7 13. Nd5 Bxd5 14. cxd5 Qd6 15. Qa4 Rc8 16. Nd2 Qf8 17. f3 h6 18. Bh4 g5 19. Bf2 Nh5 20. g3 f5 21. Nc4 fxe4 22. fxe4 Nf6 23. Nxb6 axb6 24. Qxa8 Nbd7 25. Qa4 Ra8 26. Qc4 Rb8 27. a4 g4 1-0